000 00696cam a22002053a 4500
001 39146
003 PGUSA
005 20140828083853.0
008 120314s2012||||xxu|||||s|||||000 | eng d
040 _aPGUSA
_beng
042 _adc
100 1 _aSiebold, P. F. von
245 1 0 _aReize van Maarten Gerritsz. Vries in 1643 naar het Noorden en Oosten van Japan :
_bvolgens het journaal gehouden door C.J. Coen, op het schip Castricum
_h[electronic resource] /
_cP. F. von Siebold
260 _bProject Gutenberg,
_c2012
506 _aPublic domain in the USA.
516 _aElectronic text
830 0 _aProject Gutenberg
_v39146
856 4 0 _uhttp://www.gutenberg.org/ebooks/39146
942 _cEB
999 _c268399
_d268399